000 00765nam a2200253Ia 4500
003 OSt
005 20221005034409.0
006 a|||||r|||| 00| 0
007 ta
008 221004b |||||||| |||| 00| 0 urd d
020 _a9789386285249 (hbk)
_cINR 194.00
024 _a35903
037 _b4925, 25/02/2017, Kitabi Duniya
_cTextual
040 _aCRL
_cCRL
_burd
041 _2urd
_aurd
082 _aO168,1N611x, Q6
100 _aHazique Kalim Au.
_9587153
245 0 _aKhushboo ki sawaari
260 _aDelhi
_bEducational publishing house India
_c2016
300 _a320p.
_ccm.
650 _aURDU POETRY
942 _hO168,1N611x, Q6
_cTEXL
_2cc
999 _c943296
_d943296